000 00633nam a2200205Ii 4500
003 JO-AjNU
008 230605s9999||||xx |||||||||||||| ||und||
040 _aJO-AjNU
_bara
_erda
_cJO-AjNU
041 _aara
050 1 4 _aTR250.N37 1991
100 3 _aناصيف، محمد ,
_eauthor
_917438
245 0 0 _aالات التصوير اسئلة واجوبة
250 _aط1
264 3 1 _aدمشق: دار الكتاب العربي ، 1991
300 _a153ص
_bصور توضيحية
336 _atext
_btxt
_2rdacontent
337 _aunmediated
_bn
_2rdamedia
338 _avolume
_bnc
_2rdacarrier
650 4 _aالآلآت
_917439
999 _aA5385
_c8953
_d8953